| 000 | 00565nam a2200169 i 4500 | ||
|---|---|---|---|
| 001 | 106975 | ||
| 003 | ES-MaACL | ||
| 005 | 20231229062526.0 | ||
| 008 | 061121s1914 sp |||| | spa d | ||
| 100 | 1 |
_aMoreno Villa, José, _d1887-1955 _983443 |
|
| 245 | 1 | 3 |
_aEl pasajero / _cJosé Moreno Villa ; con un ensayo de José Ortega Gasset. |
| 260 |
_aMadrid : _b[s.n.], _c1914 ( _fImp. Clásica Española) |
||
| 300 |
_aXLVI, 76 p. ; _c19 cm. |
||
| 700 | 1 |
_aOrtega y Gasset, José, _d1883-1955 _987503 |
|
| 852 |
_aES-MaACL _jG-628 |
||
| 999 |
_c106975 _d106975 |
||